|
|
|
|
| LEADER |
01997nam a22004211a 4500 |
| 001 |
c000376260 |
| 003 |
CARM |
| 005 |
20000919210505.0 |
| 008 |
700802m19691989nyu b 000 0 eng |
| 010 |
|
|
|a 68008116 //r892
|
| 019 |
1 |
|
|a 695621
|5 LACONCORD2021
|
| 035 |
|
|
|a (OCoLC)275877
|5 LACONCORD2021
|
| 040 |
|
|
|a LC
|b eng
|c LC
|d LC
|
| 050 |
0 |
0 |
|a PR85
|b .C77
|
| 050 |
|
4 |
|a PR83
|b .C764
|
| 082 |
0 |
0 |
|a 820/.9
|
| 082 |
0 |
4 |
|a 820/.9
|
| 245 |
0 |
4 |
|a The Critical temper;
|b a survey of modern criticism on English and American literature from the beginnings to the twentieth century.
|c Martin Tucker: general editor.
|
| 260 |
|
|
|a New York,
|b Ungar
|c [1969]-1989.
|
| 300 |
|
|
|a 5 v.
|c 25 cm.
|
| 490 |
0 |
|
|a A Library of literary criticism
|
| 500 |
|
|
|a "A Frederick Unger book."--T.p. v. 5.
|
| 500 |
|
|
|a Vol. 5 published: New York : Continuum.
|
| 504 |
|
|
|a Includes bibliographical references.
|
| 505 |
0 |
|
|a v. 1. From Old English to Shakespeare.--v. 2. From Milton to Romantic literature.--v. 3. Victorian literature and American literature.--v. 4. Supplement.--v. 5. Second supplement.
|
| 650 |
|
0 |
|a Criticism.
|
| 650 |
|
0 |
|a English literature
|x History and criticism.
|
| 650 |
|
0 |
|a American literature
|x History and criticism.
|
| 700 |
1 |
|
|a Tucker, Martin,
|e ed.
|
| 852 |
8 |
|
|b CARM
|h A1:AM33C0
|i C10260
|p 0439526
|f BK
|
| 852 |
8 |
|
|b CARM
|h A1:AM33C0
|i C10260
|p 0439527
|f BK
|
| 852 |
8 |
|
|b CARM
|h A1:AM35C0
|i C10268
|p 0439810
|f BK
|
| 852 |
8 |
|
|b CARM
|h A1:AM33C0
|i C10260
|p 0439525
|f BK
|
| 999 |
f |
f |
|i 6eb99a07-0501-54c6-bd61-128ce60f1307
|s 02865ed9-77ae-5ecb-a7dd-e9524711eaea
|
| 952 |
f |
f |
|p Can circulate
|a CAVAL
|b CAVAL
|c CAVAL
|d CARM 1 Store
|e C10260
|f A1:AM33C0
|h Other scheme
|i book
|m 0439525
|
| 952 |
f |
f |
|p Can circulate
|a CAVAL
|b CAVAL
|c CAVAL
|d CARM 1 Store
|e C10260
|f A1:AM33C0
|h Other scheme
|i book
|m 0439527
|
| 952 |
f |
f |
|p Can circulate
|a CAVAL
|b CAVAL
|c CAVAL
|d CARM 1 Store
|e C10268
|f A1:AM35C0
|h Other scheme
|i book
|m 0439810
|
| 952 |
f |
f |
|p Can circulate
|a CAVAL
|b CAVAL
|c CAVAL
|d CARM 1 Store
|e C10260
|f A1:AM33C0
|h Other scheme
|i book
|m 0439526
|